000
00338pab a2200145 454500
008
180718b2002 xxu||||| |||| 00| 0 eng d
100
_a
Bagchi, Sanjoy
245
_a
Exim policy 2002-07
260
_c
2002
300
_a
p.1488-490.
362
_a
20 Apr
650
_a
Exports
773
_a
Economic and Political Weekly
909
_a
52079
999
_c
52079
_d
52079